Detalles MARC
| 000 -LÍDER |
| Campo fijo de descripción fija |
03451cam a2200421 i 4500 |
| 001 - NÚMERO DE CONTROL |
| Campo de control |
768714001 |
| 003 - IDENTIFICADOR DEL NÚMERO DE CONTROL |
| Campo de control |
CO-MdFUSB |
| 005 - FECHA Y HORA DE LA ULTIMA TRANSACCIÓN |
| control field |
20220624110454.0 |
| 007 - CAMPO FIJO DE DESCRIPCIÓN FIJA--INFORMACIÓN GENERAL |
| Campo fijo de descripción fija |
ta |
| 008 - ELEMENTOS DE LONGITUD FIJA -- INFORMACIÓN GENERAL |
| Campo fijo de descripción fija -- Información general |
070924t2008 cauaf b 100 0 eng d |
| 020 ## - NÚMERO INTERNACIONAL NORMALIZADO PARA LIBROS |
| Número Internacional Normalizado del libro |
1586172344 |
| 040 ## - FUENTE DE CATALOGACIÓN |
| Agencia de catalogación original |
PCJ |
| Idioma de catalogación |
eng |
| Agencia que realiza la transcripción |
CO-MdFUSB |
| Agencia que realiza la modificación |
PCJ |
| -- |
BAKER |
| -- |
YDXCP |
| -- |
PIT |
| -- |
SOR |
| -- |
BWX |
| -- |
SUC |
| -- |
CQU |
| -- |
BDX |
| -- |
OCLCF |
| -- |
OCLCA |
| -- |
OCLCQ |
| -- |
OCL |
| -- |
RCT |
| -- |
OCLCQ |
| -- |
OCLCA |
| -- |
OCLCQ |
| -- |
STA |
| -- |
UtOrBLW |
| Convenciones de la descripción |
rda |
| 041 1# - CÓDIGO DE IDIOMA |
| Código de idioma para texto/pista de sonido o título separado |
eng |
| Código de idioma original |
ger |
| 082 ## - NÚMERO DE CLASIFICACIÓN DECIMAL DEWEY |
| Número de la edición del Dewey |
23 |
| Número de clasificación |
261.55 |
| Clave de autor-Numero de item |
C912 |
| 245 10 - TÍTULO |
| Título del Material |
Creation and evolution : |
| Parte restante del título - Subtitulo |
a conference with Pope Benedict XVI in Castel Gandolfo / |
| Mención de responsabilidad, etc. |
conferencia por Papa Benedict XVI ; prólogo por Christoph Cardinal Schonborn ; traducido por Michael J. Miller. |
| 264 #1 - PRODUCCIÓN, PUBLICACIÓN, DISTRIBUCIÓN, MANUFACTURA, Y COPYRIGHT |
| Lugar de producción, publicación, distribución, manufactura |
San Francisco : |
| Nombre del productor, publicador, distribuidor |
Ignatius Press, |
| Fecha de producción, publicación, distribución, manufactura, o copyright |
[2008] |
| 264 #4 - PRODUCCIÓN, PUBLICACIÓN, DISTRIBUCIÓN, MANUFACTURA, Y COPYRIGHT |
| Fecha de producción, publicación, distribución, manufactura, o copyright |
© 2008 |
| 300 ## - DESCRIPCIÓN FÍSICA |
| Extensión |
210 páginas |
| Otros detalles físicos |
ilustraciones ; |
| Dimensiones |
21 cm. |
| 336 ## - TIPO DE CONTENIDO |
| Término de tipo de contenido |
texto |
| Código de tipo de contenido |
txt |
| Fuente |
rdacontent. |
| 337 ## - TIPO DE MEDIO |
| Nombre del tipo de medio |
sin mediación |
| Código del tipo de medio |
n |
| Fuente |
rdamedia. |
| 338 ## - TIPO DE SOPORTE |
| Nombre del tipo de soporte |
volumen |
| Código Tipo de soporte |
nc |
| Fuente |
rdacarrier. |
| 500 ## - NOTA GENERAL |
| Nota General |
Publicado en nombre de los antiguos alumnos de posgrado del Papa Benedicto XVI por Stephan Otto Horn y Siegfried Wiedenhofer |
| 500 ## - NOTA GENERAL |
| Nota General |
Documentos de una conferencia celebrada en Castel Gandolfo, Italia, septiembre de 2006. |
| 500 ## - NOTA GENERAL |
| Nota General |
"Edición original en alemán: Schopfung und Evolution Eine Tagung mit Papst Benedikt XVI. in Castel Gandolfo" (verso t.p.). |
| 504 ## - NOTA DE BIBLIOGRAFÍA, ETC. |
| Nota de bibliografía, etc |
Incluye referencias bibliográficas (páginas 201-206). |
| 505 ## - NOTA DE CONTENIDO |
| Nota de contenido con formato preestablecido |
Evolución y diseño: una revisión del estado del arte en la teoría de la evolución / Peter Schuster -- Descendencia común y diseño inteligente / Robert Spaemann -- El problema de la creación y la evolución / Paul Erbich -- Fides, ratio, scientia : the debate sobre la evolución / Christoph Schonborn -- La creencia en la creación y la teoría de la evolución: distinción y punto de intersección / Siegfried Widenhofer. |
| 520 ## - NOTA DE RESUMEN, ETC. |
| Nota de sumario, etc. |
"En 2005, el Arzobispo de Viena, Christoph Cardenal Schonborn, escribió un editorial invitado en The New York Times que provocó un debate mundial sobre "Creación y Evolución". El Papa Benedicto XVI instruyó al Cardenal a estudiar más de cerca este problema y el debate actual entre " evolucionismo" y "creacionismo", y pidió a la reunión anual de sus antiguos alumnos que abordaran estas cuestiones. Incluso después de que Joseph Ratzinger se convirtiera en el Papa Benedicto XVI, ha seguido manteniendo un estrecho contacto con el círculo de sus antiguos alumnos. El "círculo de estudio" (Schulerkrers) se reúne una vez al año con el Papa Benedicto XVI para una conferencia. Muchos de estos antiguos alumnos de Ratzinger se han convertido en eruditos, profesores y escritores aclamados, así como en prelados de la Iglesia de alto rango. Este libro documenta las actas de la notable conferencia. sobre el tema de "Creación y Evolución' organizado por el Papa Benedicto XVI en 2006 en la residencia papal de verano, Castel Gandolfo. Incluye documentos que fueron pres provenientes de los campos de las ciencias naturales, la filosofía y la teología, y registra la discusión subsiguiente, en la que participó el mismo Papa Benedicto XVI.” |
| 563 ## - NOTA DE ENCUADERNACIÓN |
| Nota de encuadernación |
Pasta dura |
| 650 #7 - ASIENTO SECUNDARIO DE MATERIA - TERMINO TEMÁTICO |
| Término temático o nombre geográfico como elemento de entrada |
Creacionismo |
| 9 (RLIN) |
252 |
| 650 #7 - ASIENTO SECUNDARIO DE MATERIA - TERMINO TEMÁTICO |
| Término temático o nombre geográfico como elemento de entrada |
Religión y ciencia |
| 9 (RLIN) |
259 |
| 653 ## - TÉRMINO DE INDIZACIÓN - NO CONTROLADO |
| Término no controlado |
Evolución |
| 700 0# - ASIENTO SECUNDARIO - NOMBRE PERSONAL |
| Nombre personal |
Benedict |
| Fechas asociadas con el nombre |
1927- |
| Responsabilidad |
conferencista |
| 700 1# - ASIENTO SECUNDARIO - NOMBRE PERSONAL |
| Nombre personal |
Schonborn, Christoph von. |
| Responsabilidad |
prologuista |
| 700 ## - ASIENTO SECUNDARIO - NOMBRE PERSONAL |
| Nombre personal |
Miller, Michael J. |
| 9 (RLIN) |
6383 |
| Responsabilidad |
traductor |
| 942 ## - TIPO DE MATERIAL (KOHA) |
| Tipo de Item KOHA |
Libros General |
| 945 ## - INFORMACIÓN LOCAL DEL REGISTRO |
| Catalogador |
JTF-925 |